000
00225 a2200097 4500
001
48143
100
_a
245
_a
Islamic research association miscellany
260
_a
London
_b
Oxford univ press
_c
090
_c
31113
_d
31113
942
_a
NUST-CAE
_c
M
_c
23463
999
_c
283216
_d
283216